東日本大震災 義援金が多かった国・地域 - Statistics

General Stats
  • This quiz has been taken 191 times
  • The average score is 21 of 29
Answer Stats
順位 国・地域 寄付金額 (円) % Correct
5 中国 919,971,886
98%
1 アメリカ 2,998,118,250
97%
3 タイ 2,059,308,051
97%
13 インド 486,954,495
97%
10 フランス 617,690,022
96%
7 イギリス 784,248,129
95%
24 韓国 215,579,474
95%
23 ドイツ 263,649,101
93%
27 ロシア 182,184,738
93%
2 台湾 2,928,947,417
91%
25 カナダ 212,693,208
91%
14 ブラジル 480,404,074
89%
26 インドネシア 208,961,084
89%
8 ベトナム 783,480,802
88%
18 オーストラリア 309,124,486
88%
21 イタリア 279,463,333
87%
29 メキシコ 155,915,952
85%
17 シンガポール 317,175,191
77%
20 フィリピン 299,108,534
76%
12 マレーシア 517,138,775
74%
19 モンゴル 299,521,171
61%
11 スイス 555,721,715
55%
9 香港 720,389,206
50%
30 アラブ首長国連邦 148,328,564
46%
28 バングラデシュ 163,123,870
43%
16 パプアニューギニア 325,210,893
20%
22 クウェート 267,055,175
20%
6 アルジェリア 835,100,000
18%
4 オマーン 1,076,700,641
16%
No matching quizzes found
Score Distribution
Percent of People with Each Score
Percentile by Number Answered
Your Score History
You have not taken this quiz